000 00449nam a2200157 i 4500
001 95414
003 ES-MaACL
005 20230906181712.0
007 t|
008 050527s1971 sp ||||1| spa d
100 1 _aLlaugé Dausá, Félix.
_972729
245 1 0 _aConocimientos básicos de sexología /
_cFélix Llaugé Dausá.
260 _aBarcelona :
_bBetta,
_c1971.
300 _a220 p. :
_bil. ;
_c17 cm.
852 _aES-MaACL
_jC-47124
_bR.77177
999 _c95414
_d95414